Statistics for Countries with RAN REN RIN RON or RUN in their name

Click here to take the quiz!

General Stats

  • This quiz has been taken 25 times
  • The average score is 4 of 11

Answer Stats

Answer% Correct
Iran
100%
France
68%
Burundi
41%
Brunei
36%
Suriname
32%
Trinidad and Tobago
32%
Grenada
23%
Saint Vincent and the Grenadines
23%
Federated States of Micronesia
18%
San Marino
14%
Sao Tome and Principe
5%

Score Distribution

Percentile by Number Answered

Percent of People with Each Score

Your Score History

You have not taken this quiz